ARRUPE JESUIT UNIVERSITY

CORONAVIRUS -STOP THE SPREAD - CLEAN,DISINFECT,COVER

Soldiering with Saint Ignatius (Record no. 120540)

MARC details
000 -LEADER
fixed length control field 00377nam a22001337a 4500
005 - DATE AND TIME OF LATEST TRANSACTION
control field 20141108020006.0
008 - FIXED-LENGTH DATA ELEMENTS--GENERAL INFORMATION
fixed length control field 140520b xxu||||| |||| 00| 0 eng d
050 ## - LIBRARY OF CONGRESS CALL NUMBER
Classification number BX2179.L9
Item number O11
100 ## - MAIN ENTRY--PERSONAL NAME
Personal name Oakley, Jack
9 (RLIN) 10357
245 ## - TITLE STATEMENT
Title Soldiering with Saint Ignatius
Statement of responsibility, etc Oakley, Jack
260 ## - PUBLICATION, DISTRIBUTION, ETC. (IMPRINT)
Place of publication, distribution, etc London
Name of publisher, distributor, etc Athena Press
Date of publication, distribution, etc 2004
300 ## - PHYSICAL DESCRIPTION
Extent 133p.;
Dimensions 21cm.
942 ## - ADDED ENTRY ELEMENTS (KOHA)
Source of classification or shelving scheme Library of Congress Classification
Item type Monograph ( Printed materials)
Koha issues (borrowed), all copies 3
Holdings
Withdrawn status Lost status Source of classification or shelving scheme Damaged status Not for loan Collection code Home library Current library Shelving location Date acquired Total Checkouts Full call number Barcode Date last seen Date last borrowed Price effective from Koha item type
    Library of Congress Classification     Main Collection ARRUPE LIBRARY ARRUPE LIBRARY Main Collection 20/05/2014 3 BX2179.L9 O11 46500001545 22/11/2017 07/11/2014 20/05/2014 Monograph ( Printed materials)

 

Arrupe Library. PO Box MP320 Mt Pleasant, Harare, Zimbabwe
263 242 745411|librarian@aju.ac.zw